Statistiques concernant Les 20 préfectures les plus proches de Moulins

Cliquez ici pour prendre le quiz!

Statistiques générales

  • Ce quiz a été pris 66 fois
  • Le résultat moyen est 16 sur 20

Statistiques - réponses

distance (en km)ville préfecture% Correct
90Clermont-Ferrand
98%
146Lyon
98%
150Saint-Etienne
93%
138Auxerre
90%
49Nevers
90%
184Orléans
88%
155Dijon
86%
179Limoges
86%
151Bourg en Bresse
85%
175Le Puy en Velay
83%
91Bourges
81%
130Châteauroux
80%
195Aurillac
76%
218Besançon
73%
189Blois
73%
119Macon
73%
121Guéret
71%
188Tulle
68%
171Lons le Saunier
59%
201Troyes
58%

Distribution des résultats

Percentile par nombre de réponses

% des personnes avec chaque résultat

Votre développement - résultats

Vous n’avez pas pris ce quiz